Willard V. O. Quine: Z logického hľadiska

Podrobná bibliografia
Hlavný autor: Pergrin, Jaroslav (Autor)
Médium: Článok
Jazyk:slovenčina
čeština
ISSN:1335-0668
Predmet:

MARC

LEADER 00000nab a2200000 a 4500
001 vtls008954822
003 SK-MaSNL
005 20260304140515.0
008 250505c2007 xo qr|p|||||||000 b|slo
015 |a SNBRB2007/03 
035 |a (uuid)e16f7fcc-c281-411e-beee-c24cfe230221 
035 |a urn:nbn:sk:snk-ab9jvx 
035 |a (urnnbn)urn:nbn:sk:snk:ar-a08hio 
038 |a SNKBUCL 
040 |a SNKBUCL  |b slo  |c SNKBUCL  |e AACR2 
041 0 |a cze 
044 |a xo  |c SK 
080 |a 16  |2 1997 
080 |a 165  |2 1997 
080 |a 510.6  |2 1997 
080 |a 167.2  |2 1997 
100 1 |a Pergrin, Jaroslav  |4 aut  |9 1456944 
245 1 0 |a Willard V. O. Quine: Z logického hľadiska  |c Jaroslav Peregrin 
650 0 7 |a matematická logika  |2 snkbucl  |9 50083 
650 0 7 |a analytická filozofia  |2 snkbucl  |9 66473 
650 0 7 |a teória poznania  |2 snkbucl  |9 879 
650 0 7 |a logika  |2 snkbucl  |9 806 
650 0 7 |a logický pozitivizmus  |2 snkbucl  |9 21588 
655 7 |a recenzie  |2 snkbucl  |9 21907 
773 0 |t Organon F  |g Roč. XIV, č. 1 (2007), s. 118-121  |x 1335-0668 
787 0 8 |i Rec.:  |a Quine, Willard V. O.  |t Z logického hľadiska  |d Bratislava : Kalligram, 2006  |z 8071497843 
850 |a Slovenská národná knižnica 
852 |a Slovenská národná knižnica 
958 |a article13 
958 |a OND 
958 |a SK 
958 |a EUIPO 
999 |c 2915629  |d 2917559